Provocar la creatividad / Erich Weisbier
ISBN:
84-85348-75-3
Descripción Física:
183 p.: taules ; 22 cm
MARC
| LEADER | 00000nam a2200000Ia 4500 | ||
|---|---|---|---|
| 001 | 16993 | ||
| 008 | 160829s1989 xx 000 0 cat d | ||
| 020 | |a 84-85348-75-3 | ||
| 080 | |a C-2-384 | ||
| 100 | |a Weisbier, Erich |9 32523 | ||
| 245 | |a Provocar la creatividad / Erich Weisbier | ||
| 260 | |a Barcelona : |b Hacer , |c 1989 | ||
| 300 | |a 183 p.: |b taules ; |c 22 cm | ||
| 590 | |a Bibliografia . | ||
| 590 | |a Títol original : Kreativit'a'ts Trainings | ||
| 650 | |a Educació d'adults |x Metodologia |9 32524 | ||
| 650 | |a Creativitat |9 32525 | ||
| 901 | |a Arxiu | ||
| 942 | |n 1 | ||
| 952 | |0 0 |1 0 |4 0 |6 C2384 |7 1 |9 46018 |a Arxiu |b Arxiu |d 2016-12-01 |l 0 |o C-2-384 |p 16993 |r 2016-12-01 00:00:00 |w 2016-12-01 |y ARXIU | ||
| 999 | |c 49519 |d 49519 | ||